| 000 | 00656nam a2200193 a 4500 | ||
|---|---|---|---|
| 005 | 20210219160523.0 | ||
| 008 | 081109s1988 mx r 000 0 spa d | ||
| 035 | _aUPN01000167399 | ||
| 049 | _aUNE | ||
| 080 | _a371. 212.7 (691) =20PRO No.180. | ||
| 100 | 1 | _aUddin Khan, Qutub | |
| 245 | 1 | 4 |
_aThe Problems of repetition and drop-out in basic education in Madagascar / _cby QutubUddin Khan; Dieter Berstecher |
| 260 |
_aParís : _bUNESCO; _aNueva York : _bUNICEF; _c1988. |
||
| 300 |
_a26 p. : _bil. |
||
| 440 | 0 |
_aNotes, comments... ; _v180 |
|
| 690 | _aDesercion escolar - Madagascar | ||
| 690 | _aEnseñanza primaria - Madagascar | ||
| 905 | _aUNESCO | ||
| 999 |
_c139510 _d139510 |
||